Can you keep a secret (barbie) - lyrics - Statistics

General Stats
  • This quiz has been taken 29 times
    13 since last reset
  • The average score is 240 of 268
Answer Stats
Answer % Correct
A
100%
(A
100%
Be
100%
Book
100%
Can
100%
Cause
100%
Else
100%
Ever
100%
Everyone
100%
Fly
100%
Found
100%
Gotta
100%
I
100%
(I
100%
If
100%
Is
100%
Jeans
100%
Keep
100%
Know
100%
Know)
100%
Like
100%
Me
100%
Me)
100%
Much
100%
My
100%
Oh
100%
On
100%
One
100%
Secret
100%
See
100%
See)
100%
Shelf
100%
Show
100%
So
100%
Sometimes
100%
The
100%
There
100%
There's
100%
(There's
100%
Thing
100%
Wanna
100%
Wear
100%
With
100%
You
100%
All
83%
Anything
83%
Around
83%
Blend
83%
Blending
83%
Can't
83%
Could
83%
Get
83%
In
83%
Just
83%
Millions
83%
More
83%
(More
83%
Not
83%
Than
83%
That
83%
To
83%
What
83%
Yet
83%
Come
67%
Eye
67%
Haven't
67%
Hiding
67%
Identity)
67%
I'm
67%
It)
67%
It
67%
Mystery)
67%
Of
67%
Seen
67%
Tell
67%
Wait
67%
Wings
67%
Woah
67%
And
50%
Beyond
50%
Chameleons
50%
Dreams
50%
Melody
50%
Old
50%
Same
50%
Seems
50%
Sings
50%
World
50%
You'll
50%
Your
50%
Magic
33%
(This
33%
No matching quizzes found
Score Distribution
Percent of People with Each Score
Percentile by Number Answered
Your Score History
You have not taken this quiz since the last reset